00474nam a2200145Ia 4500008004100000100001200041245011100053245002700164260005900191260000900250300001000259650001800269650001500287856002600302170221s9999 xx 000 0 und d aYing Li aExploring the Extrinsic and Intrinsic Motivations in Blogging: A Survey on Hong Kong University Students  cYing Li, Gongcheng Lin bOnline Journal of Communication and Media Technologies c2012 a2 : 1 xCommunication xMedia Arts uhttp://www.ojcmt.net/